|
|
|
|
| LEADER |
00000nam0a2200000 4500 |
| 001 |
208460 |
| 005 |
20231101225451.0 |
| 010 |
|
|
|a 0552132470
|
| 035 |
|
|
|a (RuTPU)RU\TPU\book\227604
|
| 090 |
|
|
|a 208460
|
| 100 |
|
|
|a 20120203d1994 m y0engy50 ba
|
| 101 |
0 |
|
|a eng
|
| 102 |
|
|
|a GB
|
| 105 |
|
|
|a y z 000ay
|
| 200 |
1 |
|
|a The Year of the Virgins
|f C. Cookson
|
| 210 |
|
|
|a London
|c Corgi Books
|d 1994
|
| 215 |
|
|
|a 349 p.
|
| 330 |
|
|
|a Эта книга – увлекательный рассказ о глубоко драматичном семейном конфликте, о сложном клубке проблем респектабельной английской семьи и о том, что такое чувство, как материнская любовь, может быть не только добром, но и страшным злом.
|
| 606 |
1 |
|
|a Английский язык
|x Учебные руководства и пособия
|x Хрестоматии, книги для чтения
|2 stltpush
|3 (RuTPU)RU\TPU\subj\29075
|9 52487
|
| 610 |
1 |
|
|a английская литература
|
| 610 |
1 |
|
|a женские романы
|
| 610 |
1 |
|
|a любовь
|
| 610 |
1 |
|
|a материнство
|
| 610 |
1 |
|
|a семья
|
| 610 |
1 |
|
|a аутентичные тексты
|
| 686 |
|
|
|a Ш143.21-923.8
|v LBC/SL-A
|2 rubbk
|
| 700 |
|
1 |
|a Cookson
|b C.
|g Catherine
|
| 801 |
|
1 |
|a RU
|b 63413507
|c 20120203
|
| 801 |
|
2 |
|a RU
|b 63413507
|c 20120209
|g RCR
|
| 942 |
|
|
|c BK
|